[Event "HUN-ch U12"]
[Site "Balatonlelle"]
[Date "2019.06.28"]
[Round "9"]
[White "Vancsisin, Mark"]
[Black "Gulacsi, Donat Ferenc"]
[Result "1/2-1/2"]
[WhiteElo "1246"]
[BlackElo "1638"]
[PlyCount "67"]
[EventDate "2019.06.21"]
[EventType "swiss"]
[EventRounds "9"]
[EventCountry "HUN"]
[SourceTitle "CBM 191 Extra"]
[Source "ChessBase"]
[SourceDate "2019.09.30"]
[SourceVersion "1"]
[SourceVersionDate "2019.09.30"]
[SourceQuality "1"]

1. e4 c6 2. d4 d5 3. exd5 cxd5 4. Bd3 Nc6 5. c3 g6 6. Nf3 Bg7 7. 0-0 Nf6 8. Nbd2 0-0 9. Re1 a6 10. a4 Bg4 11. h3 Bd7 12. Nf1 Qc7 13. Ng3 Rab8 14. Be3 b5 15. axb5 axb5 16. Qd2 Qb6 17. Ne5 Rb7 18. Ne4 Nxe4 19. Bxe4 e6 20. Nxc6 Bxc6 21. Bd3 b4 22. Ra6 Qc7 23. Rc1 Bb5 24. Bf4 Qd7 25. Bxb5 Qxb5 26. Rca1 bxc3 27. bxc3 Qc4 28. Bd6 Rc8 29. R1a4 Qb5 30. Ra8 Qc6 31. Qc2 Rb1+ 32. Qxb1 Rxa8 33. Rxa8+ Qxa8 34. Qb2 1/2-1/2

[Event "HUN-ch U12"]
[Site "Balatonlelle"]
[Date "2019.06.21"]
[Round "1"]
[White "Turcsanyi, Vince Gergo"]
[Black "Vancsisin, Mark"]
[Result "1-0"]
[WhiteElo "1816"]
[BlackElo "1246"]
[PlyCount "93"]
[EventDate "2019.06.21"]
[EventType "swiss"]
[EventRounds "9"]
[EventCountry "HUN"]
[SourceTitle "CBM 191 Extra"]
[Source "ChessBase"]
[SourceDate "2019.09.30"]
[SourceVersion "1"]
[SourceVersionDate "2019.09.30"]
[SourceQuality "1"]

1. e4 e5 2. Nf3 Nc6 3. Bb5 a6 4. Ba4 Nf6 5. Qe2 b5 6. Bb3 Be7 7. c3 d6 8. 0-0 0-0 9. d4 Bg4 10. Rd1 d5 11. dxe5 Nxe5 12. Bxd5 Nxd5 13. Rxd5 Bd6 14. Nbd2 Be6 15. Rxe5 Bxe5 16. Nxe5 Qd6 17. Nef3 Rad8 18. Nd4 Rfe8 19. a4 c6 20. axb5 cxb5 21. Nxe6 Rxe6 22. h3 f5 23. Qf3 g6 24. b3 Rde8 25. exf5 Re1+ 26. Nf1 Qd1 27. Qxd1 Rxd1 28. Bb2 Rxa1 29. Bxa1 Re1 30. Bb2 Rb1 31. Ba3 Rxb3 32. Bb4 gxf5 33. Ne3 Kf7 34. Nxf5 Kf6 35. Nd4 Rb1+ 36. Kh2 Ke5 37. Kg3 Kd5 38. f4 Rxb4 39. cxb4 Kxd4 40. f5 Ke5 41. Kg4 Kf6 42. Kf4 h6 43. g4 Kf7 44. Ke5 Ke7 45. h4 a5 46. bxa5 b4 47. Kd4 1-0